Australian Place Names: Click to Complete #3 - Statistics

General Stats
  • This quiz has been taken 16 times
  • The average score is 8 of 12
Answer Stats
Hint Answer % Correct
Gold Coast
100%
Alice Springs
100%
Wagga Wagga
93%
Port Macquarie
71%
Broken Hill
64%
Streaky Bay
57%
Coffs Harbour
57%
Coober Pedy
57%
Lightning Ridge
57%
Mount Isa
50%
Tom Price
50%
Margaret River
43%
No matching quizzes found
Score Distribution
Percent of People with Each Score
Percentile by Number Answered
Your Score History
You have not taken this quiz